[Event "Titled Tuesday intern op 23rd Apr Late"]
[Site "Chess.com INT"]
[Date "2024.04.23"]
[Round "4"]
[White "Nunez Hirales, Juan Alejandro"]
[Black "Hungaski, Robert Andrew"]
[Result "0-1"]
[WhiteElo "1955"]
[BlackElo "2471"]
[PlyCount "84"]
[EventDate "2024.04.23"]
[EventType "swiss (blitz)"]
[EventRounds "11"]
[EventCountry "USA"]
[SourceTitle "CB18_2024"]
[SourceDate "2024.05.01"]
[SourceVersion "1"]
[SourceVersionDate "2024.05.01"]
[SourceQuality "2"]

1. d4 g6 2. Nc3 Bg7 3. Bf4 d6 4. e3 Nf6 5. h4 Nc6 6. h5 Nxh5 7. Rxh5 gxh5 8. Qxh5 e6 9. Nf3 h6 10. 0-0-0 Qf6 11. Bd3 a6 12. Ne4 Qe7 13. Nc3 Bd7 14. d5 Nb4 15. dxe6 Bxe6 16. Nd4 Nxd3+ 17. Rxd3 0-0-0 18. Nf5 Bxf5 19. Qxf5+ Qe6 20. Qa5 Bxc3 21. Rxc3 Rd7 22. f3 h5 23. e4 h4 24. Qb6 Kb8 25. Qd4 Rg8 26. Be3 c5 27. Qd2 h3 28. gxh3 Qxh3 29. b3 Qxf3 30. Kb2 Qxe4 31. Bxc5 d5 32. Bd4 Ka8 33. Rc5 Qf5 34. Qb4 Qe6 35. a4 Rb8 36. a5 Rd6 37. Qc3 Rc6 38. b4 Rbc8 39. Qf3 Rxc5 40. Bxc5 f5 41. Bd4 Qe4 42. Bc5 Qxf3 0-1

[Event "Titled Tuesday intern op 27th Feb Late"]
[Site "Chess.com INT"]
[Date "2024.02.27"]
[Round "1"]
[White "Afanasieva, Alexandra"]
[Black "Hungaski, Robert Andrew"]
[Result "0-1"]
[WhiteElo "1857"]
[BlackElo "2471"]
[PlyCount "88"]
[EventDate "2024.02.27"]
[EventType "swiss (blitz)"]
[EventRounds "11"]
[EventCountry "USA"]
[SourceTitle "CB10_2024"]
[SourceDate "2024.03.06"]
[SourceVersion "1"]
[SourceVersionDate "2024.03.06"]
[SourceQuality "1"]

1. e4 c5 2. Nf3 Nc6 3. Bb5 d6 4. 0-0 Bd7 5. Re1 Nf6 6. c3 a6 7. Bf1 Bg4 8. h3 Bxf3 9. Qxf3 g6 10. d3 Bg7 11. Be3 Nd7 12. Nd2 0-0 13. Qd1 b5 14. Nf3 e5 15. Rc1 Nb6 16. d4 exd4 17. cxd4 c4 18. d5 Ne5 19. Nd4 Na4 20. Qd2 Nc5 21. Red1 Nxe4 22. Qc2 Qh4 23. f4 Nd3 24. Bxd3 cxd3 25. Qxd3 Rfe8 26. Ne6 Bxb2 27. Rc7 Nc5 28. Nxc5 dxc5 29. d6 Rad8 30. Bxc5 Qxf4 31. Re7 Rf8 32. d7 Qg5 33. Qd5 Be5 34. h4 Qg4 35. Qxe5 Qxd1+ 36. Kh2 Rxd7 37. Rxd7 Qxd7 38. Bxf8 Kxf8 39. Qh8+ Ke7 40. Qxh7 Qe6 41. Qh6 Qe5+ 42. Kh3 a5 43. Qd2 Qe6+ 44. Kh2 Qd6+ 0-1

[Event "Titled Tuesday intern op 13th Feb Early"]
[Site "Chess.com INT"]
[Date "2024.02.13"]
[Round "7"]
[White "Ambartsumova, Karina"]
[Black "Hungaski, Robert Andrew"]
[Result "0-1"]
[WhiteElo "2418"]
[BlackElo "2471"]
[PlyCount "68"]
[EventDate "2024.02.13"]
[EventType "swiss (blitz)"]
[EventRounds "11"]
[EventCountry "USA"]
[SourceTitle "CB08_2024"]
[SourceDate "2024.02.21"]
[SourceVersion "1"]
[SourceVersionDate "2024.02.21"]
[SourceQuality "1"]

1. d4 g6 2. e4 Bg7 3. Nc3 d6 4. Be3 a6 5. h4 h6 6. f3 b5 7. Qd2 Bb7 8. Nge2 Nd7 9. a4 b4 10. Nd1 a5 11. c3 c5 12. Ng3 cxd4 13. cxd4 e6 14. Bd3 Ne7 15. 0-0 Nc6 16. d5 Nce5 17. h5 Nc5 18. Bb5+ Kf8 19. hxg6 fxg6 20. Nf2 Qh4 21. Ne2 exd5 22. Bxc5 dxc5 23. exd5 Kg8 24. Ne4 c4 25. Rad1 Rd8 26. d6 Bxe4 27. fxe4 g5 28. Qd5+ Kh7 29. Bxc4 Rhf8 30. g3 Qh3 31. Nd4 Ng4 32. Rd2 Qxg3+ 33. Kh1 Rxf1+ 34. Bxf1 Nf2+ 0-1

[Event "Titled Tuesday intern op 13th Feb Late"]
[Site "Chess.com INT"]
[Date "2024.02.13"]
[Round "10"]
[White "Hungaski, Robert Andrew"]
[Black "Mekhitarian, Krikor Sevag"]
[Result "0-1"]
[WhiteElo "2471"]
[BlackElo "2554"]
[PlyCount "188"]
[EventDate "2024.02.13"]
[EventType "swiss (blitz)"]
[EventRounds "11"]
[EventCountry "USA"]
[SourceTitle "CB08_2024"]
[SourceDate "2024.02.21"]
[SourceVersion "1"]
[SourceVersionDate "2024.02.21"]
[SourceQuality "1"]

1. e4 c5 2. Nf3 Nc6 3. d4 cxd4 4. Nxd4 Nf6 5. Nc3 e5 6. Ndb5 d6 7. Bg5 a6 8. Na3 b5 9. Nd5 Be7 10. Bxf6 Bxf6 11. c4 b4 12. Nc2 0-0 13. b3 a5 14. Be2 Bg5 15. 0-0 Be6 16. Qd3 Nb8 17. Rad1 Nd7 18. Bf3 Nc5 19. Qe2 g6 20. g3 Bh6 21. Bg2 Ra7 22. f4 f6 23. f5 Bc8 24. Nde3 Qb6 25. Kh1 Bg7 26. Rd2 Bb7 27. Nd5 Bxd5 28. Rxd5 a4 29. fxg6 hxg6 30. Qg4 Kh7 31. Rfd1 axb3 32. axb3 Nxb3 33. Qh3+ Kg8 34. Qe6+ Kh7 35. Qh3+ Kg8 36. Qe6+ Raf7 37. Rxd6 Qf2 38. Nxb4 Nd4 39. Qh3 Qe2 40. Rf1 Qxc4 41. Nd5 Qc5 42. Rd7 Rxd7 43. Qxd7 Rf7 44. Qe8+ Qf8 45. Qxf8+ Kxf8 46. Rb1 Ra7 47. h4 Kf7 48. Kh2 Rd7 49. Rb2 f5 50. exf5 gxf5 51. Rf2 Ke6 52. Ne3 Bh6 53. Nxf5 Nxf5 54. Bh3 Rf7 55. g4 Bf4+ 56. Rxf4 exf4 57. gxf5+ Kf6 58. Kg2 Rg7+ 59. Kf2 Rg3 60. Bg2 Kxf5 61. Bf3 Rh3 62. h5 Kg5 63. Kg2 Rg3+ 64. Kf2 Kh6 65. Ke2 Kg7 66. Kf2 Kf6 67. Ke2 Ke5 68. Kf2 Kd4 69. Ke2 Rh3 70. Kf2 Rh2+ 71. Kg1 Rh4 72. Kf2 Rh2+ 73. Kg1 Rh3 74. Kg2 Rg3+ 75. Kf2 Rg8 76. Ke2 Ke5 77. Kf2 Kf5 78. Ke2 Kg5 79. Kf2 Rb8 80. Kg2 Rb2+ 81. Kh3 Rf2 82. Bg4 Rf1 83. Kg2 Rc1 84. Bf3 Rc3 85. Kf2 Ra3 86. Kg2 Kh4 87. h6 Ra2+ 88. Kf1 Kg3 89. h7 Rh2 90. Be4 f3 91. Kg1 Rh4 92. Bd3 f2+ 93. Kf1 Rh1+ 94. Ke2 f1Q+ 0-1

[Event "Titled Tuesday intern op 13th Feb Early"]
[Site "Chess.com INT"]
[Date "2024.02.13"]
[Round "1"]
[White "Hungaski, Robert Andrew"]
[Black "Rohit, Krishna S"]
[Result "0-1"]
[WhiteElo "2471"]
[BlackElo "2410"]
[PlyCount "52"]
[EventDate "2024.02.13"]
[EventType "swiss (blitz)"]
[EventRounds "11"]
[EventCountry "USA"]
[SourceTitle "CB08_2024"]
[SourceDate "2024.02.21"]
[SourceVersion "1"]
[SourceVersionDate "2024.02.21"]
[SourceQuality "1"]

1. e4 e5 2. Nf3 Nc6 3. d4 exd4 4. Nxd4 Bc5 5. Be3 Qf6 6. Nb5 Bxe3 7. fxe3 Qh4+ 8. g3 Qxe4 9. Nxc7+ Kd8 10. Nxa8 Qxh1 11. Qg4 Nge7 12. Nc3 h5 13. Qxg7 Rg8 14. Qxf7 Qxh2 15. 0-0-0 Qxg3 16. Kb1 h4 17. Nb5 Qg6 18. Qf4 Qg3 19. Qc4 Qg4 20. Qd3 Qf5 21. Qd6 Qe5 22. Qd2 d5 23. Nac7 Bg4 24. Be2 Bxe2 25. Qxe2 Kc8 26. Qf3 a6 0-1

[Event "Titled Tuesday intern op 13th Feb Late"]
[Site "Chess.com INT"]
[Date "2024.02.13"]
[Round "4"]
[White "Hungaski, Robert Andrew"]
[Black "Rozman, Levy"]
[Result "1-0"]
[WhiteElo "2471"]
[BlackElo "2322"]
[PlyCount "109"]
[EventDate "2024.02.13"]
[EventType "swiss (blitz)"]
[EventRounds "11"]
[EventCountry "USA"]
[SourceTitle "CB08_2024"]
[SourceDate "2024.02.21"]
[SourceVersion "1"]
[SourceVersionDate "2024.02.21"]
[SourceQuality "1"]

1. e4 d5 2. exd5 Qxd5 3. Nc3 Qa5 4. b4 Qxb4 5. Rb1 Qd6 6. Nf3 Nf6 7. d4 a6 8. a4 g6 9. Bd3 Bg7 10. 0-0 0-0 11. Rb3 Nc6 12. Ba3 Qd8 13. Ne2 Bg4 14. Rxb7 Bxf3 15. gxf3 Nxd4 16. Nxd4 Qxd4 17. Bxe7 Rfe8 18. Bxf6 Qxf6 19. Rxc7 Qg5+ 20. Kh1 Be5 21. Rc4 Qh6 22. h4 Rac8 23. Rg4 Kh8 24. Qc1 Qg7 25. Kg2 h5 26. Rc4 Rxc4 27. Bxc4 Bf6 28. Qf4 Rc8 29. Rb1 Rc5 30. Rb8+ Kh7 31. Rb7 Rf5 32. Qe4 Ba1 33. Kf1 Rf6 34. Qd5 Kg8 35. Rb8+ Kh7 36. Rb7 Kg8 37. Bd3 a5 38. Rb8+ Kh7 39. Qxh5+ Qh6 40. Rh8+ Kxh8 41. Qxh6+ Kg8 42. Qe3 Bb2 43. Qe4 Kg7 44. Kg2 Re6 45. Qd5 Bf6 46. Bc4 Bxh4 47. Qd4+ Bf6 48. Qc5 Re7 49. Qxa5 Re5 50. Bb5 Rg5+ 51. Kf1 Re5 52. Qc7 Re7 53. Qc4 Be5 54. f4 Rc7 55. fxe5 1-0

[Event "Titled Tuesday intern op 13th Feb Early"]
[Site "Chess.com INT"]
[Date "2024.02.13"]
[Round "10"]
[White "Pham, Le Thao Nguyen"]
[Black "Hungaski, Robert Andrew"]
[Result "0-1"]
[WhiteElo "2395"]
[BlackElo "2471"]
[PlyCount "76"]
[EventDate "2024.02.13"]
[EventType "swiss (blitz)"]
[EventRounds "11"]
[EventCountry "USA"]
[SourceTitle "CB08_2024"]
[SourceDate "2024.02.21"]
[SourceVersion "1"]
[SourceVersionDate "2024.02.21"]
[SourceQuality "1"]

1. d4 g6 2. c4 Bg7 3. Nc3 c5 4. d5 Bxc3+ 5. bxc3 f5 6. e4 fxe4 7. f3 e5 8. fxe4 Qh4+ 9. Kd2 Qxe4 10. Nf3 d6 11. Bd3 Qg4 12. Qe2 Bf5 13. Re1 Nd7 14. h3 Bxd3 15. Kxd3 Qf5+ 16. Kd2 h6 17. g4 Qf7 18. Kc2 0-0-0 19. Be3 Ne7 20. Nd2 g5 21. Kb2 Qg6 22. a4 Rhe8 23. a5 Ng8 24. Ka3 e4 25. Nf1 Ne5 26. Reb1 Nd3 27. Ng3 Ne7 28. Qa2 Qf6 29. Qb3 Rd7 30. Rf1 Qe5 31. Nf5 Nxf5 32. Rxf5 Qg3 33. Bg1 e3 34. Qb5 e2 35. a6 e1Q 36. axb7+ Rxb7 37. Rxe1 Qxe1 38. Qc6+ Kb8 0-1

[Event "Titled Tuesday intern op 06th Feb Early"]
[Site "Chess.com INT"]
[Date "2024.02.06"]
[Round "7"]
[White "Hungaski, Robert Andrew"]
[Black "Kosteniuk, Alexandra"]
[Result "1/2-1/2"]
[WhiteElo "2471"]
[BlackElo "2501"]
[PlyCount "139"]
[EventDate "2024.02.06"]
[EventType "swiss (blitz)"]
[EventRounds "11"]
[EventCountry "USA"]
[SourceTitle "CB07_2024"]
[SourceDate "2024.02.14"]
[SourceVersion "1"]
[SourceVersionDate "2024.02.14"]
[SourceQuality "1"]

1. e4 c6 2. d4 d5 3. e5 c5 4. c3 Nc6 5. Ne2 Bf5 6. dxc5 e6 7. b4 Qc7 8. f4 f6 9. Nd4 fxe5 10. Nxf5 exf5 11. Qxd5 Nge7 12. Qe6 exf4 13. Bc4 Qe5+ 14. Qxe5 Nxe5 15. Bb5+ N7c6 16. Bxf4 0-0-0 17. 0-0 g6 18. Bg5 Be7 19. Bxe7 Nxe7 20. Re1 N7c6 21. Na3 Rhe8 22. Re2 Ng4 23. Rxe8 Rxe8 24. Nc4 Kc7 25. h3 Nf6 26. Bxc6 bxc6 27. Rd1 Nd5 28. b5 Re7 29. Na5 Nxc3 30. Nxc6 Re2 31. Rd6 Nxb5 32. Rf6 Rxa2 33. Ne5 Re2 34. Rf7+ Kc8 35. Nc6 Rc2 36. Nxa7+ Nxa7 37. Rxa7 Rxc5 38. Rxh7 Rc6 39. Re7 Kd8 40. Re2 Kd7 41. Kf2 Rc3 42. Re3 Rc2+ 43. Kf3 Ra2 44. g4 fxg4+ 45. hxg4 Ra4 46. Kg3 g5 47. Re5 Kd6 48. Rxg5 Ke6 49. Rf5 Ra8 50. Rf1 Ke7 51. Kh4 Rh8+ 52. Kg5 Rg8+ 53. Kh4 Rh8+ 54. Kg3 Rf8 55. Rxf8 Kxf8 56. Kf4 Kg8 57. Ke5 Kg7 58. Kf5 Kf7 59. Kg5 Kg7 60. Kh5 Kh7 61. g5 Kg7 62. g6 Kg8 63. Kg5 Kg7 64. Kf5 Kg8 65. Kf6 Kf8 66. Kg5 Kg7 67. Kh5 Kg8 68. Kh6 Kh8 69. g7+ Kg8 70. Kg6 1/2-1/2

[Event "Titled Tuesday intern op 23rd Jan Late"]
[Site "Chess.com INT"]
[Date "2024.01.23"]
[Round "11"]
[White "Hungaski, Robert Andrew"]
[Black "Novak, Ratko"]
[Result "1-0"]
[WhiteElo "2471"]
[BlackElo "2037"]
[PlyCount "123"]
[EventDate "2024.01.23"]
[EventType "swiss (blitz)"]
[EventRounds "11"]
[EventCountry "USA"]
[SourceTitle "CB05_2024"]
[SourceDate "2024.01.31"]
[SourceVersion "1"]
[SourceVersionDate "2024.01.31"]
[SourceQuality "1"]

1. e4 d5 2. exd5 c6 3. d4 cxd5 4. Bd3 Nc6 5. c3 g6 6. Bf4 f6 7. Nf3 Bg7 8. 0-0 Bg4 9. Re1 Qd7 10. h3 Bf5 11. c4 Bxd3 12. Qxd3 g5 13. Bh2 dxc4 14. Qxc4 0-0-0 15. Nc3 e6 16. Nb5 Qd5 17. Nxa7+ Kd7 18. Qxd5+ exd5 19. Nxc6 bxc6 20. Rac1 Ne7 21. Rc2 h5 22. Rec1 Rc8 23. b4 g4 24. hxg4 hxg4 25. Nd2 Nf5 26. Nb3 Bf8 27. b5 g3 28. Bxg3 Nxg3 29. fxg3 Ba3 30. bxc6+ Kd6 31. Rf1 Rh6 32. Rcf2 Rf8 33. Rf5 Kxc6 34. Nd2 Kd6 35. Nf3 Bb2 36. Kf2 Ke6 37. g4 Rg6 38. Re1+ Kd6 39. Re2 Ba1 40. g5 Rfg8 41. Rxf6+ Rxf6 42. gxf6 Rf8 43. g4 Rxf6 44. Kg3 Rg6 45. Kh4 Bc3 46. Kh5 Rg8 47. g5 Ba5 48. Ne5 Bc3 49. Nf3 Ba5 50. g6 Rf8 51. Ne5 Bc3 52. g7 Rg8 53. Kg6 Bxd4 54. Nf7+ Kc5 55. Rc2+ Kb4 56. Nd6 Rxg7+ 57. Kf5 Rg2 58. Rxg2 Kc5 59. Ke6 Be3 60. Nf5 Bc1 61. Rc2+ Kb4 62. Rxc1 1-0

[Event "Titled Tuesday intern op 09th Jan Early"]
[Site "Chess.com INT"]
[Date "2024.01.09"]
[Round "9"]
[White "Maksimovic, Bojan"]
[Black "Hungaski, Robert Andrew"]
[Result "0-1"]
[WhiteElo "2497"]
[BlackElo "2471"]
[PlyCount "136"]
[EventDate "2024.01.09"]
[EventType "swiss (blitz)"]
[EventRounds "11"]
[EventCountry "USA"]
[SourceTitle "CB03_2024"]
[SourceDate "2024.01.17"]
[SourceVersion "1"]
[SourceVersionDate "2024.01.17"]
[SourceQuality "1"]

1. e4 e5 2. Nf3 Nc6 3. Bb5 Nd4 4. Nxd4 exd4 5. 0-0 Bc5 6. d3 c6 7. Bc4 d6 8. Nd2 Ne7 9. a3 a6 10. Ba2 d5 11. e5 0-0 12. Qh5 Bf5 13. Nf3 Bg6 14. Qh4 Nf5 15. Qxd8 Rfxd8 16. g4 Ne7 17. Bg5 Re8 18. Rae1 a5 19. Kg2 Bb6 20. Kg3 a4 21. Nh4 h6 22. Bxe7 Rxe7 23. f4 Bc7 24. Nf3 Bh7 25. Nxd4 g5 26. Kf3 gxf4 27. e6 Rae8 28. exf7+ Kxf7 29. Rxe7+ Rxe7 30. Bb1 Kf6 31. Kg2 c5 32. Nf3 Re3 33. Rf2 c4 34. h3 b5 35. Rd2 Bb6 36. dxc4 Be4 37. Rf2 dxc4 38. Ba2 c3 39. bxc3 Rxc3 40. Rf1 Rxa3 41. Bg8 Rc3 42. h4 b4 43. g5+ hxg5 44. hxg5+ Kg7 45. Be6 Rxc2+ 46. Kh3 Rc3 47. Kg4 b3 48. Ne5 f3 49. Kf4 Bc7 50. Kxe4 f2 51. Nd3 a3 52. Rxf2 a2 53. Rf1 Bd6 54. Bd5 Ba3 55. Bf7 Bc1 56. Bxb3 a1Q 57. Rf7+ Kg6 58. Ne5+ Kxg5 59. Rf5+ Kh4 60. Nf3+ Kg3 61. Bd5 Qa4+ 62. Ke5 Bf4+ 63. Kf6 Rc6+ 64. Bxc6 Qxc6+ 65. Kg7 Qxf3 66. Rf7 Qg4+ 67. Kf8 Bd6+ 68. Ke8 Qc8# 0-1

[Event "Villa Constitucion op"]
[Site "Villa Constitucion"]
[Date "2023.08.20"]
[Round "7"]
[White "Gemy Vargas, Jose Daniel"]
[Black "Hungaski, Robert Andrew"]
[Result "0-1"]
[WhiteElo "2325"]
[BlackElo "2482"]
[PlyCount "102"]
[EventDate "2023.08.17"]
[EventType "swiss"]
[EventRounds "9"]
[EventCountry "ARG"]
[SourceTitle "EXT 2024"]
[Source "ChessBase"]
[SourceDate "2023.10.10"]
[SourceVersion "1"]
[SourceVersionDate "2023.10.10"]
[SourceQuality "1"]

1. Nf3 d5 2. g3 e6 3. Bg2 c5 4. 0-0 Nc6 5. d3 Nf6 6. c4 Be7 7. Bf4 0-0 8. Nc3 d4 9. Na4 Nd7 10. Bd2 Qc7 11. a3 a5 12. e3 e5 13. Re1 Rb8 14. Qc2 b6 15. exd4 cxd4 16. Rab1 Bb7 17. b4 axb4 18. axb4 Rbe8 19. c5 Nd8 20. Nxb6 Nxb6 21. Nxe5 Bxg2 22. Kxg2 Bf6 23. Nf3 Rxe1 24. Rxe1 Ne6 25. Qa2 Nd7 26. Qc4 Qc6 27. Re4 h6 28. Ne1 g5 29. f3 Rb8 30. h3 Bg7 31. Re2 Ne5 32. Qc2 h5 33. Kf2 Qd5 34. Qc1 g4 35. hxg4 hxg4 36. Bf4 Rxb4 37. Bxe5 Bxe5 38. c6 Rb8 39. fxg4 Rc8 40. Nf3 Bf6 41. Rc2 Bg5 42. Nxg5 Nxg5 43. Kg1 Qe5 44. Kg2 Qd5+ 45. Kg1 Qe5 46. Kg2 f6 47. c7 Kg7 48. Qf4 Qd5+ 49. Kf1 Qh1+ 50. Ke2 Re8+ 51. Qe4 Nxe4 0-1